000 00519nam a2200205Ia 4500
008 170918s9999 xx 000 0 und d
020 _a9781597070539
050 _bD622bo 2007
100 _aDixon, Franklin W.
245 _aBoard to death /
245 _cseries by Franklin W. Dixon ; written by Scott Lobdell.
260 _aChina :
260 _bPapercutz,
260 _c2007
300 _aunpaged :
300 _bcolored illustrations ;
300 _c19cm.
300 _eThe hardy boys ;
440 _a8
999 _c343391
_d343391